История и философия науки: учебное пособие

Bibliografske podrobnosti
Glavni avtor: Платонова С. И.
Izvleček:Предметом учебного пособия являются научное познание, его реальные проблемы, история развития научных идей, принципы и методы научной деятельности, структура научного знания. Особое внимание уделя­ется типам научной рациональности, основаниям науки, методологиче­ским программам развития научного знания. Анализируется соотношение естественно-научной и социально-гуманитарной методологии.Учебное пособие рекомендуется магистрантам, аспирантам по курсу «История и философия науки», а также всем заинтересованным читателям.
Jezik:ruščina
Izdano: Москва, РИОР, 2016
Serija:Высшее образование
Teme:
Format: Knjiga
KOHA link:https://koha.lib.tpu.ru/cgi-bin/koha/opac-detail.pl?biblionumber=317308

MARC

LEADER 00000nam0a2200000 4500
001 317308
005 20231102002948.0
010 |a 9785369015476 
010 |a 978-5-16-011966-3 
035 |a (RuTPU)RU\TPU\book\342776 
090 |a 317308 
100 |a 20160407d2016 m y0rusy50 ca 
101 0 |a rus 
102 |a RU 
105 |a a j 001zy 
200 1 |a История и философия науки  |e учебное пособие  |f С. И. Платонова 
210 |a Москва  |c РИОР  |c Инфра-М  |d 2016 
215 |a 147 с.  |c ил. 
225 1 |a Высшее образование 
320 |a Библиогр. в конце гл. 
320 |a Словарь основных понятий: c. 137-139 
320 |a Библиогр.: с. 140-144 
330 |a Предметом учебного пособия являются научное познание, его реальные проблемы, история развития научных идей, принципы и методы научной деятельности, структура научного знания. Особое внимание уделя­ется типам научной рациональности, основаниям науки, методологиче­ским программам развития научного знания. Анализируется соотношение естественно-научной и социально-гуманитарной методологии.Учебное пособие рекомендуется магистрантам, аспирантам по курсу «История и философия науки», а также всем заинтересованным читателям. 
606 1 |a Наука  |x Философские проблемы  |x Методология  |x Логика  |2 stltpush  |3 (RuTPU)RU\TPU\subj\45081  |9 64343 
606 1 |a Наука  |x История  |2 stltpush  |3 (RuTPU)RU\TPU\subj\45075  |9 64337 
610 1 |a учебные пособия 
610 1 |a понятия 
610 1 |a сциентизм 
610 1 |a антисциентизм 
610 1 |a позитивизм 
610 1 |a махизм 
610 1 |a неопозитивизм 
610 1 |a верификация 
610 1 |a концепции 
610 1 |a методология Лакатоса 
610 1 |a исследовательские программы 
610 1 |a концепция Куна 
610 1 |a античная наука 
610 1 |a Средневековая наука 
610 1 |a Возрождение 
610 1 |a Новое время 
610 1 |a классическая наука 
610 1 |a неклассическая наука 
610 1 |a постнеклассическая наука 
610 1 |a идеалы 
610 1 |a формы 
610 1 |a антифундаментализация 
610 1 |a плюрализм 
610 1 |a плюрализация 
610 1 |a экстернализация 
610 1 |a эмпирическое знание 
610 1 |a научный закон 
610 1 |a нормы 
610 1 |a методы 
610 1 |a методология 
610 1 |a эмпирические методы 
610 1 |a теоретические методы 
610 1 |a гипотезы 
610 1 |a case-study 
610 1 |a нормы 
610 1 |a вопросы 
610 1 |a темы 
610 1 |a рефераты 
686 |a Ю25я73  |2 rubbk 
686 |a Ч213я73  |2 rubbk 
700 1 |a Платонова  |b С. И. 
801 1 |a RU  |b 63413507  |c 20160407 
801 2 |a RU  |b 63413507  |c 20160603  |g RCR 
900 |a История и философия науки 
942 |c BK 
959 |a 29/20160310  |d 1  |e 299,90  |f ЧЗГЛ:1